VI Congreso Internacional de Teatro para la Infancia y la Juventud (Record no. 46731)

MARC details
000 -LEADER
campo de control de longitud fija 00760nam a2200193 i 4500
001 - NÚMERO DE CONTROL
campo de control 46731
003 - IDENTIFICADOR DE NÚMERO DE CONTROL
campo de control ES-MaACL
007 - CAMPO FIJO DE DESCRIPCIÓN FÍSICA--INFORMACIÓN GENERAL
campo de control de longitud fija t|
008 - DATOS DE LONGITUD FIJA--INFORMACIÓN GENERAL
campo de control de longitud fija 030331s1979 sp ||||1| spa d
111 2# - ENTRADA PRINCIPAL--NOMBRE DE CONGRESO/REUNIÓN
Nombre de congreso/reunión o jurisdicción como elemento de entrada Congreso Internacional de Teatro para la Infancia y la Juventud
Número del congreso/reunión o número de parte o sección (6º.
Fecha del congreso o de la firma del tratado 1978.
Sede del congreso/Lugar de la reunión Madrid)
9 (RLIN) 455
245 10 - MENCIÓN DEL TÍTULO
Título VI Congreso Internacional de Teatro para la Infancia y la Juventud
Resto del título : [Madrid 10-17 de junio de 1978].
260 ## - PUBLICACIÓN, DISTRIBUCIÓN, ETC.
Lugar de publicación, distribución, etc. [Madrid :
Nombre del editor, distribuidor, etc. Dirección General de Teatro y Espectáculos,
Fecha de publicación, distribución, etc. 1979]
300 ## - DESCRIPCIÓN FÍSICA
Extensión 179 p. :
Otras características físicas il. ;
Dimensiones 24 cm.
500 ## - NOTA GENERAL
Nota general Precede al tít.: Centro Español de la A.S.S.I.T.E.J.
710 2# - ENTRADA AGREGADA--NOMBRE DE ENTIDAD CORPORATIVA
Nombre de entidad corporativa o nombre de jurisdicción como elemento de entrada Centro Español de la A.S.S.I.T.E.J.
9 (RLIN) 2731
852 ## - LOCALIZACIÓN
Ubicación ES-MaACL
Número de control de estantería L-670
Sublocalización o colección R.99579
852 ## - LOCALIZACIÓN
Ubicación ES-MaACL
Número de control de estantería L-671
Sublocalización o colección R.99580
Holdings
Estatus retirado Estado de pérdida Estado de daño No para préstamo Biblioteca de origen Biblioteca actual Ubicación en estantería Fecha de adquisición Fuente de adquisición Total de préstamos Signatura topográfica completa Código de barras Visto por última vez Precio de reemplazo Tipo de ítem Koha
        Biblioteca del Ateneo de Madrid Biblioteca del Ateneo de Madrid Depósito 2 17/01/2008     L-671 1049151 23/02/2023 23/02/2023 Libro impreso
        Biblioteca del Ateneo de Madrid Biblioteca del Ateneo de Madrid Depósito 2 17/01/2008     L-670 1049150 23/02/2023 23/02/2023 Libro impreso